书目信息 |
| 题名: |
发展的故事
|
|
| 作者: | 叶敬忠 著 | |
| 分册: | ||
| 出版信息: | 北京 社会科学文献出版社 2015.8 |
|
| 页数: | 419页 | |
| 开本: | 24cm | |
| 丛书名: | ||
| 单 册: | ||
| 中图分类: | D668 | |
| 科图分类: | ||
| 主题词: | 社会发展--She Hui Fa Zhan--研究--中国 , 研究--Yan Jiu , 中国--Zhong Guo | |
| 电子资源: | ||
| ISBN: | 978-7-5097-7020-7 | |
| 000 | 00929nam0 22002771 450 | |
| 001 | 350874 | |
| 005 | 20161011142910.42 | |
| 010 | @a978-7-5097-7020-7@dCNY78.00 | |
| 100 | @a20150605d2015 em y0chiy50 ea | |
| 101 | 0 | @achi |
| 102 | @aCN@b110000 | |
| 105 | @ay z 000yy | |
| 106 | @ar | |
| 200 | 1 | @a发展的故事@AFa Zhan De Gu Shi@e幻象的形成与破灭@f叶敬忠著 |
| 210 | @a北京@c社会科学文献出版社@d2015.8 | |
| 215 | @a419页@d24cm | |
| 330 | @a本书选择了中国发展过程中最为重要的15个主题,即商品、留守、学校、土地、农业、粮食、食品、科学、技术、自然、灾害、慈善、援助、项目和发展研究。 | |
| 333 | @a一般读者 | |
| 517 | 1 | @a幻象的形成与破灭@AHuan Xiang De Xing Cheng Yu Po Mie |
| 606 | 0 | @a社会发展@AShe Hui Fa Zhan@x研究@y中国 |
| 606 | 0 | @a研究@AYan Jiu |
| 606 | 0 | @a中国@AZhong Guo |
| 690 | @aD668@v5 | |
| 701 | 0 | @a叶敬忠@AYe Jing Zhong@4著 |
| 801 | 0 | @aCN@bTANGWEI@c20160808 |
| 905 | @b0892207-10@dD668@e161@f4 | |
| 发展的故事:幻象的形成与破灭/叶敬忠著.-北京:社会科学文献出版社,2015.8 |
| 419页;24cm |
| 使用对象:一般读者 |
| ISBN 978-7-5097-7020-7:CNY78.00 |
| 本书选择了中国发展过程中最为重要的15个主题,即商品、留守、学校、土地、农业、粮食、食品、科学、技术、自然、灾害、慈善、援助、项目和发展研究。 |
| ● |
| 相关链接 |
|
|
|
|
正题名:发展的故事
索取号:D668/161
 
预约/预借
| 序号 | 登录号 | 条形码 | 馆藏地/架位号 | 状态 | 备注 |
| 1 | 0892207 | 208922077 | 第一样本阅览室/ [索取号:D668/161] | 在馆 | |
| 2 | 0892208 | 208922086 | 第一借阅区/ [索取号:D668/161] | 在馆 | |
| 3 | 0892209 | 208922095 | 第一借阅区/ [索取号:D668/161] | 在馆 | |
| 4 | 0892210 | 208922102 | 第一借阅区/ [索取号:D668/161] | 在馆 |